Hóa học đại cương Tập 1 Từ Lý thuyết đến ứng dụng

Đã lưu trong:
書目詳細資料
主要作者: Đào Đình Thức
格式: 圖書
語言:Vietnamese
出版: H. Đại học Quốc Gia hà Nội 2008
版:In lần 8
主題:
標簽: 添加標簽
沒有標簽, 成為第一個標記此記錄!
Thư viện lưu trữ: Mạng thư viện Đại học Đà Nẵng
LEADER 01115nam a2200337 4500
001 000008492
003 4681
005 20121011141011.0
008 111018s2008 viesd
020 |c 28500 
041 0 |a vie 
082 |a 540  |b ĐA-T 
100 0 |a Đào Đình Thức 
245 1 0 |a Hóa học đại cương  |c Đào Đình Thức  |n Tập 1  |p Từ Lý thuyết đến ứng dụng 
250 |a In lần 8 
260 |a H.  |b Đại học Quốc Gia hà Nội  |c 2008 
300 |a 303tr.  |c 20cm 
653 |a Giáo trình 
653 |a Hóa học đại cương 
773 |t Hóa học đại cương  |w 4680 
910 |a Quang Huy  |d 18/10/2011 
OWN |a LSP 
AVA |a UDN50  |b LSP  |d 540 ĐA-T  |e check_holdings  |t Error 5003 Not defined in file expand_doc_bib_avail.  |h N  |k 1 
999 |a From the UDN01 
AVA |a UDN50  |b LSP  |d 540 ĐA-T  |e available  |t Error 5001 Not defined in file expand_doc_bib_avail.  |f 40  |g 1  |h N  |i 3  |k 1 
TYP |a Monograph 
TYP |a Printed language 
980 |a Mạng thư viện Đại học Đà Nẵng